|
|
|
|
| LEADER |
00000nam0a2200000 4500 |
| 001 |
123388 |
| 005 |
20231031130448.0 |
| 035 |
|
|
|a (RuTPU)RU\TPU\book\133565
|
| 090 |
|
|
|a 123388
|
| 100 |
|
|
|a 20071016d1953 m y0rusy50 ca
|
| 101 |
0 |
|
|a rus
|
| 102 |
|
|
|a RU
|
| 105 |
|
|
|a a z 000zy
|
| 200 |
1 |
|
|a Контроль продукции на заводах технического стекла
|f Г. В. Потоцкая
|
| 210 |
|
|
|a Москва
|c Изд-во литературы по строительству
|d 1953
|
| 215 |
|
|
|a 172 с.
|c ил.
|
| 610 |
1 |
|
|a контроль
|
| 610 |
1 |
|
|a продукция
|
| 610 |
1 |
|
|a заводы
|
| 610 |
1 |
|
|a стекла
|
| 610 |
1 |
|
|a характеристика
|
| 610 |
1 |
|
|a пороки
|
| 610 |
1 |
|
|a документация
|
| 610 |
1 |
|
|a контрольно-измерительные приборы
|
| 675 |
|
|
|a 666
|v 3
|
| 700 |
|
1 |
|a Потоцкая
|b Г. В.
|
| 801 |
|
1 |
|a RU
|b 63413507
|c 20071016
|g PSBO
|
| 801 |
|
2 |
|a RU
|b 63413507
|c 20210609
|g PSBO
|
| 942 |
|
|
|c BK
|